Le politiche della chiesa
Uloženo v:
| Hlavní autor: | |
|---|---|
| Médium: | Kniha |
| Jazyk: | italština |
| Vydáno: |
Milán
San Paolo
1997
|
| Témata: | |
| Tagy: |
Přidat tag
Žádné tagy, Buďte první, kdo vytvoří štítek k tomuto záznamu!
|
MARC
| LEADER | 00000nam a2200000 a 4500 | ||
|---|---|---|---|
| 001 | UCQ0041 | ||
| 003 | CL-VaPUC | ||
| 008 | 980619e19970000IT |||||||||||||||||ita|d | ||
| 082 | 0 | 4 | |a 262.4 |b RIC |2 21 |
| 100 | |a Riccardi, Andrea |e autor |9 413042 | ||
| 245 | 1 | 3 | |a Le politiche della chiesa |
| 300 | |a 165 p | ||
| 942 | |c BK | ||
| 945 | |d 19980619 00:00:00 |a aalvarez | ||
| 260 | |a Milán |b San Paolo |c 1997 | ||
| 600 | 0 | 7 | |a SANTA SEDE |2 CL-VaPUC |9 256113 |
| 650 | 0 | |a Iglesia |9 255004 | |
| 650 | 0 | |a Política |9 255312 | |
| 650 | 0 | |a Organización |9 256369 | |
| 650 | 0 | |a Religión |9 255164 | |
| 650 | 0 | |a Diplomacia |9 256483 | |
| 651 | 0 | |a Vaticano |9 314201 | |
| 583 | |a last modification |c 19980619 00:00:00 |k Rodrigo Vera | ||
| 999 | |c 271205 |d 271203 | ||
| 952 | |0 0 |1 0 |4 0 |6 262_400000000000000_RIC_1997 |7 0 |8 A |9 305782 |a BIBDER |b BIBDER |d 2019-11-20 |i 3436144 |o 262.4 RIC 1997 |p 3436144 |r 2023-01-25 |w 2019-11-20 |y BK |k DER | ||